Battlefield of the Mind (Record no. 12306)

MARC details
000 -LEADER
fixed length control field 00272nam a22000977a 4500
008 - FIXED-LENGTH DATA ELEMENTS--GENERAL INFORMATION
fixed length control field 230522b |||||||| |||| 00| 0 eng d
020 ## - INTERNATIONAL STANDARD BOOK NUMBER
International Standard Book Number 9789351950691
100 ## - MAIN ENTRY--PERSONAL NAME
Personal name Meyer Joyce
9 (RLIN) 7366
245 ## - TITLE STATEMENT
Title Battlefield of the Mind
260 ## - PUBLICATION, DISTRIBUTION, ETC. (IMPRINT)
Place of publication, distribution, etc. Manipal
Name of publisher, distributor, etc. Manipal Technologies Limited
Date of publication, distribution, etc. 2015
Holdings
Withdrawn status Lost status Source of classification or shelving scheme Damaged status Koha normalized classification for sorting Not for loan Collection code Home library Current library Shelving location Date acquired Total Checkouts Full call number Barcode Date last seen Date last checked out Price effective from Koha item type
    Dewey Decimal Classification   MEY_200_000000000000000   Non-fiction Good Samaritan School Library Good Samaritan School Library RELIGION 05/22/2023 1 MEY200 MEY16095 08/29/2024 08/29/2024 05/22/2023 BOOK
    Dewey Decimal Classification   MEY_200_000000000000000   Non-fiction Good Samaritan School Library Good Samaritan School Library RELIGION 05/22/2023   MEY200 MEY16096 05/22/2023   05/22/2023 BOOK

Powered by Koha